000 00487nam a2200157 a 4500
001 000036960
005 20200930080041.0
008 120207s1973 xxu 000 0 spa d
040 _aDO-SdBNP
_bspa
_cBNPHU
082 _axxx
_bxxx
100 1 _aMccoy, Donald R.
_963350
245 1 0 _aComing of age :
_bthe United States during the 1920`s and 1930`s /
_cDonald R. Mccoy.
260 _aMaryland :
_bPenguin Books,
_c1973.
300 _a364 p. ;
_c19 cm.
500 _aBibliografía : p. 335-364
999 _c36450
_d36450